00770nam a2200157 i 4500001000700000003000900007005001700016008004100033080002000074100002200094245009700116260006100213300002100274500010500295852021200400170916ES-MaACL20230906214510.0090416s1861 sp |||| | spa d a821.134.2-2"18"1 aEguilaz, Luis de.13aLa cruz del matrimonio b: comedia original en tres actos y en verso / cde Luis de Eguilaz. aMadrid : b[s.n.], c1861 (fImp. de José Rodríguez) a83 p. ; c17 cm. aEn port.: Representada por primera vez en el teatro Variedades la noche del 28 de noviembre de 1861. aES-MaACLjF-8570(3) z.- Enc. pasta española q.- Falto de la cub. originalz.- Enc. en un vol. facticio, formando parte de la col. "Teatro español moderno", vol. 23 z.- Firma ms. de Gustavo Saenz Diez